| 000 | 01041nam a22002771 4500 | ||
|---|---|---|---|
| 001 | 27947 | ||
| 003 | BD-RjUL | ||
| 005 | 20211209051224.0 | ||
| 008 | 140329r19741967nyuabc b 001 0 eng d | ||
| 035 | _a(BD-RjUL)28028 | ||
| 040 |
_aDLC _cDLC _dDLC _dBD-RjUL _beng |
||
| 041 | _aeng | ||
| 082 | 0 | 0 |
_a973.3 _bSOR 1974 |
| 100 | 1 |
_aSosin, Jack M. _985721 |
|
| 245 | 1 | 4 |
_aThe Revolutionary frontier, 1763-1783 / _cby Jack M. Sosin. |
| 260 |
_aNew York : _bHolt, Rinehart and Winston, _c1967 [reprinted 1974]. |
||
| 300 |
_axiii, 241 p. : _bill. ; _c24 cm. |
||
| 490 | 0 | _aHistories of the American frontier | |
| 504 | _aBibliographical references included in "Notes" (p. 193-210) "An essay on bibliography": p. 211-224. and index. | ||
| 650 | 0 |
_aFrontier and pioneer life _zUnited States _xHistory _y18th century. _985722 |
|
| 651 | 0 |
_aUnited States _xTerritorial expansion _xHistory _y18th century. _985723 |
|
| 651 | 0 |
_aUnited States _xHistory _yRevolution, 1775-1783. _985724 |
|
| 942 |
_2ddc _cBK |
||
| 999 |
_c27947 _d27947 |
||